The Limits to growth; (Record no. 14489)

000 -LEADER
fixed length control field 00570cam a2200193 4500
020 ## - INTERNATIONAL STANDARD BOOK NUMBER
ISBN 0876631650
040 ## - CATALOGING SOURCE
Transcribing agency DLC
082 00 - DEWEY DECIMAL CLASSIFICATION NUMBER
Classification number 330 UNI 1972 A068 Or.
245 04 - TITLE STATEMENT
Title The Limits to growth;
Remainder of title a report for the Club of Rome's project on the predicament of mankind
260 ## - PUBLICATION, DISTRIBUTION, ETC. (IMPRINT)
Place of publication New York,
Name of publisher Universe Books
Year of publication [1972]
300 ## - PHYSICAL DESCRIPTION
Number of Pages 205 p.
Other physical details illus.
Dimensions 21 cm.
500 ## - GENERAL NOTE
General note "A Potomac Associates book."
650 #0 - SUBJECT ADDED ENTRY--TOPICAL TERM
Topical Term Economic history
650 #0 - SUBJECT ADDED ENTRY--TOPICAL TERM
Topical Term Economic development.
650 #0 - SUBJECT ADDED ENTRY--TOPICAL TERM
Topical Term Social history
700 1# - ADDED ENTRY--PERSONAL NAME
Personal name Meadows, Donella H.
710 2# - ADDED ENTRY--CORPORATE NAME
Corporate name or jurisdiction name as entry element Club of Rome.
942 ## - ADDED ENTRY ELEMENTS (KOHA)
Koha item type សៀវភៅភាសាអង់គ្លេស
952 ## - LOCATION AND ITEM INFORMATION (KOHA)
Withdrawn status [LOCAL, KOHA] 0
Holdings
Permanent Location Date acquired Koha item type Lost status Shelving location Barcode Current Location Full call number
Library Block A2017-10-18សៀវភៅភាសាអង់គ្លេស A068A13509Library Block A330 UNI 1972 A068 Or.
មជ្ឈមណ្ឌលឯការនៃសាកលវិទ្យាល័យភូមិន្ទកសិកម្មចំការដូង

Powered by Koha